| 000 | 00370nam a22001577a 4500 | ||
|---|---|---|---|
| 003 | SGT | ||
| 020 | _a13:978-1-4511-0918-4 | ||
| 082 | _a616.0757, M13B | ||
| 100 | _aBERQUIST, THOMAS H. | ||
| 245 | _aMRI OF THE MUSCULOSKELETAL SYSTEM | ||
| 250 | _a6TH | ||
| 260 |
_aPHILADELPHIA _bWOLTERS KLUWER _c2013 |
||
| 300 | _a1173 | ||
| 650 | _aRADIOLOGY | ||
| 942 |
_2ddc _cBK |
||
| 999 |
_c8421 _d8421 |
||